Enhancing Organizational Citizenship Behavior Towards the Environment

Organizačné občianske správanie k životnému prostrediu (OCBTE) predstavuje významný nástroj implementácie environmentálnej politiky v samosprávach. Táto štúdia skúma toto správanie medzi bezprostrednými manažérmi miestnych samospráv, keďže sú považovaní za nevyhnutné kanály na prenos environmentálny...

ver descrição completa

Na minha lista:
Detalhes bibliográficos
Autor principal: Jankelová, Nadežda, 1966-
Outros Autores: Némethová, Ildikó, 1974-, Dabić, Marina, Kallmuenzer, Andreas
Formato: Capítulo de Livro
Idioma:inglês
Assuntos:
Tags: Adicionar Tag
Sem tags, seja o primeiro a adicionar uma tag!

MARC

LEADER 00000naa a2200000 4500
001 0302995
005 20260323082223.9
041 0 |a eng 
044 |a DE 
245 1 0 |a Enhancing Organizational Citizenship Behavior Towards the Environment  |c Nadežda Jankelová, Ildikó Némethová, Marina Dabić, Andreas Kallmuenzer 
520 |a Organizačné občianske správanie k životnému prostrediu (OCBTE) predstavuje významný nástroj implementácie environmentálnej politiky v samosprávach. Táto štúdia skúma toto správanie medzi bezprostrednými manažérmi miestnych samospráv, keďže sú považovaní za nevyhnutné kanály na prenos environmentálnych hodnôt na zamestnancov a občanov žijúcich v spravovaných mestských oblastiach. Primárnym účelom štúdie je preskúmať vzťahy inštrumentálnej podpory životného prostredia (ISE) starostov a OCBTE bezprostredných manažérov v obecných samosprávach prostredníctvom analýz mediácie a moderovania a priniesť originálne poznatky do správy miestnej samosprávy. Prierezová štúdia bola vykonaná na vzorke 420 manažérov. Hypotézy boli overené modelovaním štruktúrnych rovníc pomocou softvéru SmartPLS 3.3. Zistenia naznačujú priamy vzťah medzi ISE starostov a OCBTE zamestnancov bezprostredného vedenia v obciach. Potvrdili sa sprostredkovateľské účinky hypotéz dopytu zainteresovaných strán (SD) a osobno-organizačnej kompatibility (POF). Bol schválený aj výrazný pozitívny zmierňujúci efekt dôvery k primátorovi. Záväzok voči primátorovi nebol potvrdený žiadnym moderátorským účinkom. Tieto výsledky rozširujú naše chápanie mechanizmov za pro-environmentálnou mikroúrovňou dodatočnej úlohy správania zamestnancov v prostredí miestnej samosprávy a poskytujú nový pohľad na faktory, ktoré pozitívne korelujú s týmto správaním. 
610 2 0 |a prostredie životné 
610 2 0 |a správanie 
610 2 0 |a starostovia 
610 2 0 |a primátori 
610 2 0 |a samospráva miestna 
100 1 |a Jankelová, Nadežda, 1966- 
700 1 |a Némethová, Ildikó, 1974- 
700 1 |a Dabić, Marina 
700 1 |a Kallmuenzer, Andreas